| 000 | 00643cam a22002291 4500 | ||
|---|---|---|---|
| 001 | 30347 | ||
| 003 | BD-RjUL | ||
| 005 | 20211209051541.0 | ||
| 008 | 140409s1941 uk 000 0 eng | ||
| 035 | _a(BD-RjUL)30432 | ||
| 040 |
_aDLC _cOKentU _dBD-RjUL _beng |
||
| 041 | _aeng | ||
| 082 |
_a154.3 _bNUH 1941 |
||
| 100 | 0 |
_aNutt, Robert H. _992251 |
|
| 245 | 1 | 0 |
_aHow to develop a good memory for names, faces, and facts / _c by Robert Nutt. |
| 260 |
_aNew York, _bSimon and Schuster, _c1941. |
||
| 300 |
_a195 p. : _billus. ; _c21 cm. |
||
| 650 | 0 |
_aMnemonics. _992252 |
|
| 942 |
_2ddc _cBK |
||
| 999 |
_c30347 _d30347 |
||